[Event "EICC 2019"]
[Site "Skopia"]
[Date "2019.03.18"]
[Round "1.30"]
[White "Alekseev, Evgeny"]
[Black "Nikolovski, Nikola"]
[Result "1-0"]
[WhiteElo "2640"]
[BlackElo "2404"]
[Annotator "TA"]
[PlyCount "79"]
[EventDate "2019.03.18"]
[EventType "swiss"]
[EventCountry "MKD"]
[SourceTitle "playchess.com"]
[Source "ChessBase"]
[SourceQuality "1"]

{[%evp 17,79,14,20,14,36,22,68,68,98,94,91,90,112,90,81,85,79,65,71,68,70,71,81,69,64,55,67,50,206,201,195,175,301,297,279,297,323,301,288,198,633,625,555,548,682,681,681,666,681,664,660,648,602,621,29984,29985,29983,29984,29989,29990,29991,29992,29998,29999]} 1. e4 e6 2. d4 d5 3. Bd3 c5 4. exd5 exd5 5. Nf3 c4 (5... Nf6 6. O-O c4 7. Re1+ Be7 8. Be2 O-O 9. b3 cxb3 10. axb3 Nc6 11. c3 Re8 12. Nbd2 Bd6 13. Bd3 Bg4 14. Rxe8+ Qxe8 {0-1 (52) Fontaine,R (2563)-Carlsen,M (2834) chess.com INT 2018}) 6. Be2 {C01: French: Exchange Variation} Nc6 7. b3 cxb3 8. axb3 Nf6 9. O-O Be7 {LiveBook: 6 Games} 10. Ne5 Qb6 $146 ({Predecessor:} 10... O-O 11. Nxc6 bxc6 12. Bf4 Re8 13. Nc3 {½-½ (25) Hollan,P (2292)-Livaic,L (2444) Prague 2016}) 11. Nxc6 Qxc6 12. c4 {[%cal Bc2c4,Bc4c5][%mdl 32]} O-O 13. c5 Bf5 14. b4 Ne4 15. Be3 Qg6 16. Bh5 Qe6 17. Re1 a6 18. Be2 Qg6 19. f3 Bg5 20. Bf1 Bxe3+ 21. Rxe3 Ng5 $1 {[%cal Rg5h3]} 22. Kh1 h5 $2 ({Better is} 22... Bxb1 $14 23. Rxb1 Ne6) 23. Nc3 $18 {[%cal Bb1c3,Bc3d5,Bd5c7][%mdl 32]} Be6 24. Qe1 Rae8 (24... Nh7 $142 25. Re5 Nf6) 25. h4 Nh7 {[#]} 26. Nxd5 $1 {[%mdl 512]} Nf6 (26... Bxd5 27. Rxe8) 27. Nc7 Rd8 28. Rd1 Rd7 $2 (28... Bd5 29. Bd3 Qh6 30. Nxd5 Nxd5) 29. Nxe6 fxe6 30. Rxe6 Qf5 31. Bc4 {Black must now prevent Rxf6+.} Kh8 {[#]} 32. d5 $1 Qf4 (32... Nxd5 33. Re5) 33. Bb3 g5 34. Qe5 Qxh4+ 35. Kg1 g4 36. g3 {White mates.} Qh3 37. Rxf6 Rxf6 38. Qxf6+ Kh7 39. Qf5+ Kh8 40. Qf8+ {Precision: White = 85%, Black = 43%.} 1-0

[Event "EICC 2019"]
[Site "Skopia"]
[Date "2019.03.18"]
[Round "1.31"]
[White "Zarubitski, Viachaslau"]
[Black "Yilmaz, Mustafa"]
[Result "1/2-1/2"]
[WhiteElo "2404"]
[BlackElo "2636"]
[Annotator "TA"]
[PlyCount "145"]
[EventDate "2019.03.18"]
[EventType "swiss"]
[EventCountry "MKD"]
[SourceTitle "playchess.com"]
[Source "ChessBase"]
[SourceQuality "1"]

{[%evp 24,145,5,8,2,-22,-10,-22,-36,-29,-35,-30,-31,-32,-29,-50,-41,-48,-52,-39,-30,-49,0,0,0,0,0,0,0,0,0,0,0,-13,-13,-19,20,0,0,0,0,0,0,0,0,0,0,0,0,0,0,0,0,0,0,0,0,0,0,0,0,0,0,0,56,56,56,56,56,56,56,56,56,56,56,56,56,56,56,56,56,56,56,56,56,56,56,56,56,56,56,56,56,56,56,56,56,56,56,56,56,8,8,0,56,56,56,56,56,56,56,56,56,56,56,56,56,8,8,8,8,8,8,8]} 1. e4 c5 2. Nf3 d6 3. d4 cxd4 4. Nxd4 Nf6 5. Nc3 a6 6. Be2 e5 7. Nb3 Be7 8. Be3 Be6 9. Nd5 Nbd7 10. Qd3 Bxd5 11. exd5 Rc8 12. c4 O-O 13. O-O Ne8 {B92: Sicilian Najdorf: 6 Be2} 14. Bg4 (14. f3 g6 15. Kh1 Ng7 16. Bg1 Bg5 17. Rad1 h5 18. Nd2 f5 19. b4 h4 20. c5 dxc5 21. d6 cxb4 {1-0 (45) Karjakin,S (2782)-Grischuk,A (2766) Paris 2018}) 14... e4 15. Qxe4 Nef6 16. Qd4 Nxg4 17. Qxg4 Ne5 {[%cal Bd7e5,Be5c4,Bc4e3][%mdl 96] [#] Double Attack} 18. Qe2 Nxc4 19. Rac1 $146 ({Predecessor:} 19. Bd4 Bf6 20. Rab1 Bxd4 21. Nxd4 Re8 22. Qd3 Qg5 23. b3 Ne5 24. Qh3 Qf4 25. Nf5 Ng4 {½-½ (25) Duarte,L (2338)-Valenzuela Fuentealba,L (2458) Antofagasta 2016}) 19... Nxe3 20. Rxc8 Qxc8 21. Qxe3 Bf6 22. Qb6 Bxb2 23. Na5 Be5 24. Qxb7 Qxb7 25. Nxb7 $11 {[%mdl 4096] Endgame KRB-KRN} Rc8 26. f4 Bd4+ 27. Kh1 Rc2 28. Nxd6 Rxa2 29. Rb1 {[%cal Rb1b8] [#]} g6 (29... Ra1 {feels hotter.} 30. Rxa1 Bxa1 31. Nb7 Kf8 32. d6 Ke8) 30. g3 Ra1 31. Rxa1 Bxa1 {KB-KN} 32. Nb7 $1 Kf8 {aiming for ...Bd4.} 33. d6 $1 {[%cal Rd6d7]} Ke8 {Hoping for ...Bd4.} 34. Nc5 a5 35. d7+ $1 Ke7 {Strongly threatening ...Bc3.} 36. Nb7 Kxd7 37. Nxa5 Kd6 38. Kg2 Kd5 39. Kf3 h5 40. Nb3 Bc3 41. Nc1 Kc4 42. Ne2 Bd2 43. f5 Kd5 (43... gxf5 $11 44. Nf4 Bxf4 45. Kxf4 Kd3) 44. Nf4+ $14 Ke5 $1 {And now ...Bxf4 would win.} 45. fxg6 fxg6 46. Nxg6+ Kf6 47. Nf4 Kg5 48. h4+ Kh6 49. Ng2 Ba5 50. Ke4 Bc7 51. Nf4 Ba5 52. Kf5 Be1 53. Ne2 Bf2 54. Kf6 Be1 55. Ke5 Kg6 56. Kf4 Bd2+ 57. Kf3 Ba5 58. Nf4+ Kh6 59. Ke2 Bb6 60. Nd5 Ba5 61. Kf3 Kg6 62. Ne7+ Kf6 63. Nd5+ (63. Nc8 {keeps more tension.} Ke5 64. Kg2 Ke6 65. Na7 Bc3 66. Nb5) 63... Kg6 $1 64. Ne3 Be1 65. Ng2 Ba5 66. Ke4 $1 Bb4 67. Ke5 Ba5 68. Ke6 Bb6 69. Nf4+ Kh6 70. Nd3 Bc7 {The position is equal.} 71. Ne5 Kg7 72. Kf5 Bd6 73. g4 {Accuracy: White = 82%, Black = 86%.} 1/2-1/2

[Event "EICC 2019"]
[Site "Skopia"]
[Date "2019.03.18"]
[Round "1.32"]
[White "Lysyj, Igor"]
[Black "Atakisi, Umut"]
[Result "1-0"]
[WhiteElo "2635"]
[BlackElo "2403"]
[Annotator "TA"]
[PlyCount "63"]
[EventDate "2019.03.18"]
[EventType "swiss"]
[EventCountry "MKD"]
[SourceTitle "playchess.com"]
[Source "ChessBase"]
[SourceQuality "1"]

{[%evp 18,63,25,16,41,15,50,51,45,48,52,52,50,43,59,52,59,52,75,75,68,77,83,82,87,85,85,85,89,81,64,52,81,103,139,72,508,480,769,769,760,760,745,747,901,879,29980,5489]} 1. d4 d5 2. c4 c6 3. Nf3 Nf6 4. e3 e6 5. Bd3 Nbd7 6. b3 b6 7. Bb2 Bb7 8. O-O Be7 9. Nc3 O-O 10. Qe2 h6 {D46: Semi-Slav: 5 e3 Nbd7 6 Bd3, Black avoids the Meran} (10... c5 11. Rad1 Re8 12. cxd5 exd5 13. Ba6 Qc8 14. Bxb7 Qxb7 15. Qd3 Rad8 16. dxc5 Nxc5 17. Qb1 b5 18. Nd4 b4 19. Nce2 {0-1 (63) Shimanov,A (2610)-Baryshpolets,A (2578) Burlingame 2018}) 11. Rfd1 Qc7 12. Rac1 Rad8 {White is slightly better.} 13. cxd5 exd5 14. Bb1 $146 ({Predecessor:} 14. a3 Rfe8 15. b4 Qd6 16. Qc2 {1-0 (71) Opitz,P (2094)-Dolgy,Y ICCF email 2011}) 14... Rfe8 15. Ne5 Qb8 16. f4 Bb4 17. Qf3 Bxc3 18. Bxc3 Ne4 19. Be1 c5 20. Bh4 f6 ({Of course not} 20... Nxe5 21. dxe5 Rc8 22. Bxe4 $18) 21. Bxe4 dxe4 22. Qg4 fxe5 23. Bxd8 Rxd8 24. Qe6+ Kh8 {aiming for ...exd4.} 25. dxe5 Nf8 {[#]} 26. Qf7 (26. Rxd8 $142 $1 Qxd8 27. Qf7) 26... Re8 $2 {[%mdl 8192]} (26... Bc6 $16 {is tougher.}) 27. Rd6 $18 Ba6 (27... Rc8 $142 28. Rcd1 c4) 28. f5 Rxe5 {[#]} 29. f6 $1 {[%csl Gf6][%cal Rf7g7][%mdl 512]} Rg5 30. Qe7 Qc8 31. Rd8 {[%mdl 64] Double Attack} Rxg2+ 32. Kh1 {Accuracy: White = 76%, Black = 30%.} ({Inferior is} 32. Kxg2 Qg4+ 33. Kf2 Qf3+ 34. Kg1 Qg4+ 35. Kh1 Qf3+ {[%mdl 64] Double Attack} 36. Kg1 Qg4+ 37. Kh1 Qf3+ {[%mdl 64] Double Attack} 38. Kg1 $11) 1-0

[Event "EICC 2019"]
[Site "Skopia"]
[Date "2019.03.18"]
[Round "1.33"]
[White "Drnovsek, Gal"]
[Black "Volokitin, Andrei"]
[Result "0-1"]
[WhiteElo "2402"]
[BlackElo "2635"]
[Annotator "TA"]
[PlyCount "68"]
[EventDate "2019.03.18"]
[EventType "swiss"]
[EventCountry "MKD"]
[SourceTitle "playchess.com"]
[Source "ChessBase"]
[SourceQuality "1"]

{[%evp 9,68,41,31,22,17,8,11,0,8,-26,-22,-35,-27,-45,-26,-37,-32,-29,-37,-75,-63,-58,-65,-75,-62,-84,-74,-72,-72,-81,-80,-70,-70,-76,-81,-83,-70,-93,-92,-103,-106,-118,-97,-133,-128,-317,-304,-279,-274,-295,-295,-389,-222,-296,-294,-286,-270,-264,-278,-276,-267]} 1. d4 Nf6 2. c4 e6 3. Nc3 Bb4 4. Qc2 b6 5. e4 c5 6. d5 {E32: Nimzo-Indian: Classical (4 Qc2): 4...0-0} Qe7 (6... exd5 7. exd5 Qe7+ 8. Nge2 O-O 9. Bd2 d6 10. O-O-O Ng4 11. Be1 Nd7 12. Ng3 Ndf6 13. h3 Ne5 {1-0 (35) Zhou,J (2597)-Wei,Y (2743) Shenzhen 2017}) 7. Be2 {next e5 is good for White.} d6 8. Be3 {The position is equal.} O-O 9. h3 exd5 10. exd5 b5 11. Nf3 $146 ({Predecessor:} 11. O-O-O bxc4 12. Bxc4 Bxc3 13. Qxc3 Nbd7 {½-½ (53) Krassowizkij,J (2438)-Banusz,T (2612) Austria 2017}) 11... bxc4 12. Bxc4 Ba6 13. Bxa6 Nxa6 14. Qd3 Nc7 15. O-O Bxc3 16. bxc3 Ncxd5 17. c4 Nxe3 18. Rfe1 {[%mdl 64] [#] Pin} Rfe8 19. Rxe3 Qd7 20. Rxe8+ Rxe8 21. Rd1 Rd8 22. Qa3 Rb8 23. Qc1 h6 24. Qf4 Rb6 25. Kh2 Qc6 26. Qe3 Qe4 27. Qa3 $2 {[#]} (27. Qc3 $17) 27... Qxc4 $19 28. Qxa7 Rb2 29. Qe7 Rxf2 ({Don't play} 29... Qxa2 30. Rxd6 Rxf2 31. Nd2 $19) ({But not} 29... Rxa2 30. Qxd6 Rxf2 31. Qb8+ Kh7 32. Rd8 $19) 30. Qxd6 Qxa2 (30... Qe2 $142 31. Kh1 Rxg2) 31. Qd8+ Kh7 {Black has a decisive advantage.} 32. Qd3+ g6 33. Rd2 Rxd2 34. Nxd2 Qd5 {Accuracy: White = 35%, Black = 84%.} 0-1

[Event "EICC 2019"]
[Site "Skopia"]
[Date "2019.03.18"]
[Round "1.34"]
[White "Hovhannisyan, Robert"]
[Black "Semjonovs, Ilja"]
[Result "1/2-1/2"]
[WhiteElo "2634"]
[BlackElo "2401"]
[Annotator "TA"]
[PlyCount "189"]
[EventDate "2019.03.18"]
[EventType "swiss"]
[EventCountry "MKD"]
[SourceTitle "playchess.com"]
[Source "ChessBase"]
[SourceQuality "1"]

{[%evp 9,189,31,34,25,37,32,37,36,37,35,39,26,30,37,50,34,60,55,59,60,62,63,87,88,81,68,66,41,47,16,23,21,16,24,34,30,36,27,29,33,31,6,24,0,0,-45,-12,-39,-12,-9,-13,-18,0,0,0,0,0,0,0,0,6,0,8,7,7,0,46,54,47,47,82,72,123,131,125,137,152,152,160,183,134,8,8,8,8,8,8,0,0,0,0,0,0,0,0,0,0,0,0,0,0,0,0,0,8,0,0,0,7,0,8,0,0,0,8,0,0,0,8,0,0,0,0,0,0,0,0,0,0,0,0,0,8,0,7,0,0,0,0,0,0,0,0,0,0,0,0,0,0,0,0,0,0,0,0,0,0,0,0,0,0,0,0,0,0,0,0,0,0,0,0,0,0,0,0,0,0,0,0,0,0,0]} 1. d4 Nf6 2. Nf3 g6 3. Nbd2 d5 4. e3 Bg7 5. b4 O-O 6. Be2 {D02: 1 d4 d5 2 Nf3 sidelines, including 2...Nf6 3 g3 and 2...Nf6 3 Bf4} Bf5 7. O-O Nbd7 8. c4 {White is slightly better.} dxc4 9. Nxc4 c6 10. Bb2 Nb6 11. Na5 Qc7 $146 ({Predecessor:} 11... Rb8 12. a3 Nbd5 13. Rc1 {1-0 (48) Carlsen,M (2802)-Vachier Lagrave,M (2703) Moscow 2010}) 12. Rc1 Nbd5 13. a3 Rac8 14. Ne5 Rfd8 15. Bc4 Qb8 16. Qe2 Be6 17. g3 Nd7 {[%cal Rd7e5]} 18. Nxd7 Rxd7 19. Bd3 Nb6 20. Rfd1 h5 21. Ba1 Bg4 22. f3 Be6 23. Qf2 Rcd8 24. Bf1 f5 25. Re1 Bf7 26. Rc2 e5 27. Rd2 exd4 (27... e4 {keeps more tension.} 28. fxe4 fxe4 29. Bh3 Re7 30. g4 Rd5) 28. Bxd4 Qc7 (28... Bxd4 {with more complications.} 29. Rxd4 Rxd4 30. exd4 Rd7 31. Qe3 Qd8) 29. Red1 $1 Bxd4 30. Rxd4 Rxd4 31. Rxd4 Rxd4 32. exd4 Bd5 33. Qe3 Qf7 34. Qf4 Kh7 35. h4 Qe7 36. Kf2 Nc8 37. Qe5 b6 38. Nc4 Bxc4 39. Bxc4 Qg7 40. Ke3 a5 ({Better is} 40... b5 41. Be6 Ne7) 41. bxa5 $16 bxa5 42. Qxa5 f4+ 43. gxf4 {[#] aiming for f5.} Qe7+ 44. Kd3 Qxh4 45. Be6 (45. Qc7+ $16 Ne7 46. Be6) 45... Qxf4 $11 {The position is equal.} 46. Bxc8 Qxf3+ 47. Kc2 Qe4+ {[%mdl 64] [#] Double Attack} 48. Kb2 Qe2+ 49. Kc1 Qc4+ 50. Kb1 Qb3+ 51. Kc1 {Qc5 is the strong threat.} Qc4+ 52. Kd1 {Black must now prevent Qc7+.} Qxd4+ 53. Qd2 Qa4+ 54. Ke2 Qxa3 55. Qd7+ Kh6 56. Qxc6 Qg3 57. Be6 Qe5+ 58. Kd3 Qf6 59. Qe4 Kg7 60. Kc4 Kh6 61. Qe3+ Kg7 62. Kb5 Kh7 63. Bc4 Kg7 64. Qa7+ Kh6 65. Qc7 Qb2+ 66. Kc6 Qf6+ 67. Kb7 Qb2+ 68. Kc6 Qf6+ 69. Kd5 Qf5+ 70. Kd4 Qf6+ 71. Kd3 Qf1+ 72. Kc2 Qf2+ 73. Kb3 Qf3+ 74. Ka4 Qf6 75. Qd7 Qa1+ 76. Kb5 Qf6 77. Be6 Qb2+ 78. Kc5 Qc3+ 79. Kd6 Qd4+ 80. Bd5 Qf6+ 81. Kc7 Qg7 82. Bf7 Qf6 83. Qd2+ Kg7 84. Bd5 Kh7 85. Kd7 Kg7 86. Qa2 Kh7 87. Ke8 Kg7 88. Qa7+ Kh6 {And now ...Qe5+ would win.} 89. Qc7 Qh8+ 90. Ke7 {Strongly threatening Qf4+.} Qd4 91. Qd6 Kg7 92. Qe6 Qa7+ 93. Kd8 {Threatens to win with Qe7+.} Qb8+ 94. Kd7 Qa7+ 95. Kd8 {Accuracy: White = 57%, Black = 64%.} 1/2-1/2

[Event "EICC 2019"]
[Site "Skopia"]
[Date "2019.03.18"]
[Round "1.35"]
[White "Osmak, Iulija"]
[Black "Fridman, Daniel"]
[Result "1/2-1/2"]
[WhiteElo "2399"]
[BlackElo "2633"]
[Annotator "TA"]
[PlyCount "28"]
[EventDate "2019.03.18"]
[EventType "swiss"]
[EventCountry "MKD"]
[SourceTitle "playchess.com"]
[Source "ChessBase"]
[SourceQuality "1"]

{[%evp 18,28,0,0,0,0,0,-39,-27,-108,27,0,31]} 1. e4 e5 2. Nf3 Nf6 3. Nxe5 d6 4. Nf3 Nxe4 5. Nc3 Nxc3 6. dxc3 Be7 7. Bf4 O-O 8. Qd2 Nd7 9. O-O-O Nc5 10. Be3 {LiveBook: 160 Games. C42: Petroff Defence: 3 Nxe5 and unusual White 3rd moves} Ne4 (10... Re8 11. Bc4 Be6 12. Bxe6 Nxe6 13. h4 Qd7 14. Qd3 Qc6 15. Qf5 Qc4 16. Ng5 Bxg5 17. hxg5 Nf8 {½-½ (27) Salgado Lopez,I (2651)-Ipatov,A (2657) Izmir 2016}) 11. Qd4 Nf6 12. h4 $146 ({Predecessor:} 12. Qf4 Re8 13. Bd3 d5 14. Rhe1 c5 15. h3 h6 16. Qh2 Bf8 17. g4 Bd7 {½-½ (39) Dauga,Z (2478)-Roos,J (2415) ICCF email 2011}) 12... c5 13. Qf4 {[#]} (13. Qd2 $11 {keeps the balance.}) 13... Nh5 ({Black should play} 13... d5 $1 $17 14. Qa4 a6) 14. Qh2 Qa5 1/2-1/2

[Event "EICC 2019"]
[Site "Skopia"]
[Date "2019.03.18"]
[Round "1.36"]
[White "Lagarde, Maxime"]
[Black "Berzinsh, Roland"]
[Result "1-0"]
[WhiteElo "2631"]
[BlackElo "2397"]
[Annotator "TA"]
[PlyCount "69"]
[EventDate "2019.03.18"]
[EventType "swiss"]
[EventCountry "MKD"]
[SourceTitle "playchess.com"]
[Source "ChessBase"]
[SourceQuality "1"]

{[%evp 18,69,21,28,28,28,23,19,20,25,20,18,19,18,28,37,43,36,35,38,36,38,30,29,39,32,39,9,46,63,44,47,162,168,174,172,172,177,258,267,250,261,256,255,327,320,277,258,407,352,344,331,639,637]} 1. c4 c5 2. Nf3 Nf6 3. Nc3 e6 4. e4 Nc6 5. Be2 d5 6. exd5 exd5 7. d4 Be7 8. Be3 cxd4 9. Nxd4 O-O 10. O-O Nxd4 {C01: French: Exchange Variation} 11. Bxd4 dxc4 12. Bxc4 Bg4 {The position is equal.} 13. f3 Bf5 14. Bb3 Qd6 15. Bf2 {[#]} Rfd8 $146 ({Predecessor:} 15... Qb4 16. a3 Qa5 17. Qe2 Bc5 18. Qb5 Qxb5 19. Nxb5 Bxf2+ 20. Rxf2 {½-½ (40) Zvjaginsev,V (2658)-Smirnov,P (2628) Loo 2013}) 16. Qxd6 Bxd6 17. Rfe1 a6 18. g4 Bd7 19. Rad1 Bc6 $1 {[%cal Rc6f3]} 20. g5 Nh5 21. Bb6 $36 {[%mdl 2048] [#] aiming for Re2. White has good play.} Rd7 22. Ne4 (22. Re4 $5 {[%cal Re4d4]} Bc7 23. Bxc7 Rxc7 24. Nd5 Bxd5 25. Rxd5 $14 (25. Bxd5 g6 $11)) 22... Bb4 23. Rxd7 Bxd7 24. Rd1 Be6 ({Black should try} 24... Bc6 $14) 25. Bxe6 $18 fxe6 26. Rd7 Rc8 27. Bc7 ({Resist} 27. Rxb7 $6 Rc1+ 28. Kg2 Rc2+ 29. Kf1 Rc1+ 30. Kg2 Rc2+ 31. Kf1 Rc1+ 32. Kg2 $14) 27... Rf8 (27... b6 {was necessary.} 28. Kf2 (28. Bxb6 Rc1+ 29. Kg2 Rc2+ 30. Kh3 Rxb2 $11) 28... b5) 28. a3 Be1 29. Bd6 Rf5 30. Rxb7 Nf4 31. Bxf4 Rxf4 32. Kg2 Bh4 (32... a5 {keeps fighting.} 33. Re7 Rf8 34. Rxe6 Rb8) 33. Rb6 a5 34. Rxe6 Rf5 $2 {[#]} (34... g6 35. Re8+ Kg7 36. Re7+ Kg8) 35. Re8+ {Accuracy: White = 86%, Black = 47%.} 1-0

[Event "EICC 2019"]
[Site "Skopia"]
[Date "2019.03.18"]
[Round "1.37"]
[White "Kamer, Kayra"]
[Black "Piorun, Kacper"]
[Result "0-1"]
[WhiteElo "2397"]
[BlackElo "2631"]
[Annotator "TA"]
[PlyCount "56"]
[EventDate "2019.03.18"]
[EventType "swiss"]
[EventCountry "MKD"]
[SourceTitle "playchess.com"]
[Source "ChessBase"]
[SourceQuality "1"]

{[%evp 9,56,26,39,6,3,12,35,18,20,21,33,2,6,-8,10,17,11,0,32,32,37,45,141,-44,-37,-44,-38,-35,-33,-41,-41,-52,-41,-38,-44,-41,-21,-63,-62,-80,-77,-79,-65,-95,-86,-88,-61,-505,-499]} 1. e4 d5 2. exd5 Qxd5 3. Nf3 Bg4 4. Nc3 (4. Be2 Nc6 5. c4 Qf5 6. d4 O-O-O 7. Be3 Nf6 8. Nbd2 e6 9. h3 Bxf3 10. Nxf3 Bb4+ 11. Kf1 e5 12. g4 Qd7 13. dxe5 {0-1 (36) Tomashevsky,E (2705)-Kovalenko,I (2657) St Petersburg 2018}) 4... Qe6+ 5. Qe2 Nf6 6. b3 {B01: Scandinavian Defence} (6. Qxe6 {keeps more tension.} Bxe6 7. d4 Bf5 8. Be3 e6 9. O-O-O) 6... Qxe2+ 7. Bxe2 c6 $146 ({Predecessor:} 7... e6 8. Ne5 Bxe2 9. Nxe2 Bd6 10. Nc4 Be7 11. Bb2 Nc6 {1-0 (48) Kingston,I (2023)-Deacon,P (1930) Hinckley Island 2009}) 8. Bb2 {White is slightly better.} h6 9. O-O-O Nbd7 10. d4 e6 11. Ne5 Bf5 12. g4 Bh7 13. h4 h5 14. g5 Nxe5 15. dxe5 Ng4 {[#]} (15... Nd5 $14) 16. Bxg4 $2 (16. Nb5 $1 $16 {[%cal Rb5c7] White threatens Nc7+ and mate.} Bb4 17. Nd6+ (17. Nc7+ Ke7 $16) 17... Ke7 18. Bxg4 hxg4 19. Rd4 (19. Nxb7 Be4 $14)) 16... hxg4 $15 17. Rd4 Bc5 $36 {[%mdl 2048] Black has some pressure.} 18. Rxg4 Bxf2 19. Nd1 Bc5 20. Bd4 Bf5 21. Rf4 Be7 {...Bxg5! is the strong threat.} 22. Rhf1 Bg6 23. Ne3 b5 {[%cal Bb7b5,Bb5b4][%mdl 32]} 24. Rd1 O-O-O 25. Kb2 Kb7 26. Bc3 Rxd1 27. Nxd1 Rd8 28. Rd4 $2 {[%mdl 8192] [#]} (28. Nf2 $15) 28... b4 $1 {[%mdl 512] Accuracy: White = 38%, Black = 43%.} 0-1

[Event "EICC 2019"]
[Site "Skopia"]
[Date "2019.03.18"]
[Round "1.38"]
[White "Gledura, Benjamin"]
[Black "Erenberg, Ariel"]
[Result "1/2-1/2"]
[WhiteElo "2630"]
[BlackElo "2394"]
[Annotator "TA"]
[PlyCount "84"]
[EventDate "2019.03.18"]
[EventType "swiss"]
[EventCountry "MKD"]
[SourceTitle "playchess.com"]
[Source "ChessBase"]
[SourceQuality "1"]

{[%evp 11,84,19,22,4,7,5,42,34,61,72,44,39,31,30,52,46,48,40,33,0,87,84,92,90,88,92,90,76,81,80,89,82,120,104,104,83,162,187,149,16,180,189,171,172,181,172,287,234,270,253,250,218,213,216,216,207,195,0,200,0,0,0,0,0,0,0,0,0,0,0,0,0,0,0,0]} 1. Nf3 Nf6 2. g3 b5 3. Bg2 Bb7 4. Na3 a6 5. c4 e5 (5... b4 6. Nc2 e6 7. O-O Be7 8. d4 Be4 9. a3 bxa3 10. b3 O-O 11. Bxa3 d6 12. Ne3 c6 13. Qd2 Nbd7 14. Nd1 Qb6 15. Nc3 Qxb3 16. Ne5 dxe5 17. Bxe7 exd4 18. Nxe4 Nxe4 19. Bxe4 Rfe8 20. Bxc6 Ra7 21. Qxd4 {1-0 (21) Nakamura,H (2793)-Oparin,G (2604) Zuerich 2017}) 6. b3 {A05: Réti Opening: 1 Nf3 Nf6} e4 {LiveBook: 6 Games} 7. Nd4 d5 8. cxb5 $146 ({Predecessor:} 8. cxd5 Qxd5 9. Ndc2 Nbd7 10. Ne3 Qh5 11. Bb2 Bd6 12. Nac2 O-O 13. h3 {0-1 (26) Baum,B (2309)-Postny,E (2634) Teplice 2015}) 8... axb5 9. Naxb5 c5 10. Nc2 $1 Bc6 11. Nba3 Bd6 12. O-O O-O 13. d3 Re8 14. Bb2 Nbd7 15. d4 cxd4 (15... Qb6 $11 {remains equal.}) 16. Nxd4 $16 Bxa3 17. Nxc6 Qb6 18. Bxa3 Rxa3 19. Nd4 $1 {[%cal Bc6d4,Bd4c2,Bc2d4][%mdl 32]} Rea8 20. Qd2 Ne5 21. Rfd1 g6 22. Qb2 Nc4 23. Qc3 Nd6 (23... Ne5 $16) 24. Nc2 $18 Nb5 25. Qb4 (25. Qb2 $1 $16) 25... Rxa2 $2 (25... Ng4 $1 $11 26. Nd4 (26. Nxa3 Nxf2 27. Rd4 Qxd4 $11) 26... Qf6 27. Qxb5 Qxf2+ 28. Kh1 Ne3) 26. Rxa2 Rxa2 27. Nd4 Ra5 28. e3 Ng4 (28... Nd7 $142) 29. Rc1 Kg7 {With the idea ...Qf6.} 30. h3 Ne5 {...Nd3 would now be nice for Black.} 31. Rc8 Nxd4 32. Qf8+ $1 (32. Qxb6 Ra1+ 33. Bf1 Ndf3+ 34. Kg2 Ne1+ 35. Kh2 (35. Kh1 N1d3 $11) 35... N5f3+ 36. Kh1 Nd3 $11) 32... Kf6 33. Qh8+ (33. exd4 Ra1+ 34. Kh2 Qxd4 $11) 33... Kf5 {White must now prevent ...Ra1+.} 34. g4+ $2 {[#]} ({White has to play} 34. exd4 $18 {[%csl Gd4][%cal Rh8e5]} Ra1+ 35. Kh2 Qxd4 36. g4+ Kg5 37. Qd8+ Kh6 38. Qf8+ (38. Qh4+ Kg7 $11) 38... Kg5 39. Qd8+ Kh6 40. g5+ (40. Qh4+ Kg7 $11) 40... Kh5 41. Qf6) 34... Ke6 $2 {[#]} (34... Nxg4 $1 $11 {and Black stays safe.} 35. hxg4+ (35. Qxd4 Qxd4 36. hxg4+ Kxg4 $11) 35... Kxg4 36. Qxd4 (36. exd4 Ra1+ 37. Kh2 Qd6+ 38. Qe5 Qxe5+ 39. dxe5 Kf4 $11) 36... Qxd4 37. exd4 Ra1+ 38. Bf1 h5) 35. exd4 $2 $40 {[%mdl 128] White has some attack.} ({Weaker is} 35. Re8+ Kd7 $11) ({White must play} 35. Qe8+ $1 $18 Kf6 36. Qh8+ (36. exd4 Ra1+ 37. Kh2 Qxd4 $16) 36... Ke6 37. Qe8+ (37. Re8+ Kd7 $11) 37... Kf6 38. exd4 (38. Qh8+ Ke7 $16) 38... Ra1+ 39. Kh2 Qxd4 40. Qh8+ Kg5 41. Qd8+ Kh6 42. g5+ (42. Qh4+ Kg7 $11) 42... Kh5 43. Qf6) 35... Ra1+ $11 {The position is equal.} 36. Kh2 {White threatens Qe8+ and mate.} Nd7 $1 {...Qd6+ is the strong threat.} 37. Bxe4 dxe4 {[#]} ({Not} 37... Qd6+ $2 38. Kg2 $18) 38. d5+ $1 {[%mdl 576] Discovered Attack} Kxd5 {[%cal Rb6f2]} 39. Qxa1 {And now Qd1+ would win.} Qxf2+ 40. Kh1 {aiming for Qd1+.} Qf3+ {[%mdl 64] Double Attack} 41. Kh2 Qf2+ 42. Kh1 {Hoping for Qd1+.} Qf3+ {[%mdl 64] Double Attack. Accuracy: White = 72%, Black = 55%.} 1/2-1/2

[Event "EICC 2019"]
[Site "Skopia"]
[Date "2019.03.18"]
[Round "1.39"]
[White "Di Benedetto, Edoardo"]
[Black "Rakhmanov, Aleksandr"]
[Result "0-1"]
[WhiteElo "2394"]
[BlackElo "2629"]
[Annotator "TA"]
[PlyCount "66"]
[EventDate "2019.03.18"]
[EventType "swiss"]
[EventCountry "MKD"]
[SourceTitle "playchess.com"]
[Source "ChessBase"]
[SourceQuality "1"]

{[%evp 21,66,-22,-23,-30,-43,-47,-42,-49,-47,-37,-33,-56,-53,-55,-61,-66,-33,-52,-52,-50,-51,-43,-45,-52,-43,-52,-49,-44,-67,-60,-36,-69,-36,-36,-12,-10,0,-41,-23,-37,-42,-50,-43,-50,-50,-65,0]} 1. d4 Nf6 2. c4 g6 3. Nf3 Bg7 4. g3 b6 5. Bg2 Bb7 6. O-O O-O 7. Nc3 Ne4 8. Nxe4 Bxe4 9. b3 c5 10. Bb2 Nc6 11. e3 d5 12. Ne5 {A50: Queen's Fianchetto Defence (1 d4 Nf6 2 c4 b6)} (12. Qe2 cxd4 13. exd4 e6 14. Rfd1 Rc8 15. Ne5 Bxg2 16. Kxg2 dxc4 17. bxc4 Nxe5 18. dxe5 Qc7 19. Rac1 Rfd8 {0-1 (54) Pile,R (2481)-Fressinet,L (2722) Orsay 2018}) 12... Nxe5 13. dxe5 Bxg2 $1 14. Kxg2 dxc4 15. bxc4 Qc7 16. Qd5 $146 ({Predecessor:} 16. f4 Rfd8 17. Qc2 Qc6+ 18. Kf2 Rd7 19. Rad1 Rad8 {½-½ (57) Meier,V (2284)-Filipovic,B (2402) Basel 2017}) 16... Rad8 17. Qe4 Qd7 18. Qc2 Qd2 19. Rac1 f6 20. exf6 Bxf6 21. Bxf6 Rxf6 22. Qe4 Kf7 23. Rc2 Qd3 24. Qxd3 Rxd3 $15 {[%mdl 4096] Endgame KRR-KRR} 25. Rb1 Rfd6 26. Kf3 Rd2 27. Rbb2 $1 Rxc2 (27... Rd1 {is interesting.} 28. h4 Ra1 29. Rb3 e5 30. Ra3 Rd7) 28. Rxc2 {KR-KR} Rd1 29. Ke2 Ra1 30. f4 Ke6 {Black is slightly better.} 31. e4 Kd6 32. Kf3 h5 33. h4 a6 {[%mdl 32768] Accuracy: White = 39%, Black = 61%. . Loss on time!?} (33... Ke6 $15) 0-1